000 00562nam a2200217Ia 4500
005 20250923145324.0
008 008 250917s9999 xx 000 0 eng d
037 _aTextual
040 _aDSWL
_beng
_cDSWL
041 _aeng
_2eng
084 _aY, 152N73
_qDSWL
100 _aDavis, K.
_9834054
245 0 _aHuman society
_c by K. Davis
250 _a14th
260 _aAllahabad
_bKitab Mahal
_c1973
300 _a564 p.
365 _aINR
_b22 . 20
925 _g22 . 20
942 _cTEXL
_hY, 152N73
999 _c1449962
_d1449962